[Event "Sherbrooke op-B"]
[Site "Sherbrooke"]
[Date "2008.05.24"]
[Round "2"]
[White "Valiquette, Simon"]
[Black "Boyer, Eric"]
[Result "0-1"]
[WhiteElo "1522"]
[BlackElo "1514"]
[PlyCount "70"]
[EventDate "2008.05.23"]
[EventType "swiss"]
[EventRounds "5"]
[EventCountry "CAN"]
[SourceTitle "EXT 2011"]
[Source "ChessBase"]
[SourceDate "2010.11.26"]
[SourceVersion "1"]
[SourceVersionDate "2010.11.26"]
[SourceQuality "1"]

1. c4 Nf6 2. Nc3 e6 3. g3 d5 4. Bg2 d4 5. Ne4 Nxe4 6. Bxe4 f5 7. Bg2 Bd6 8. Nf3 c5 9. d3 Nc6 10. 0-0 0-0 11. a3 Rb8 12. Bd2 a5 13. Rb1 Qc7 14. Ne1 b6 15. Nc2 Bb7 16. b4 axb4 17. axb4 Ne7 18. bxc5 bxc5 19. Ne1 f4 20. Qc1 fxg3 21. hxg3 Nf5 22. Bxb7 Rxb7 23. Rxb7 Qxb7 24. Ng2 Rb8 25. Nf4 Kf7 26. e3 Bxf4 27. exf4 Qf3 28. Qa3 h5 29. Qxc5 h4 30. Qc7+ Kf6 31. Qe5+ Kf7 32. Qc7+ Ne7 33. f5 h3 34. fxe6+ Kg6 35. Qf4 Qg2# 0-1

[Event "Sherbrooke Hivernal op"]
[Site "Sherbrooke"]
[Date "2008.03.16"]
[Round "4"]
[White "Valiquette, Simon"]
[Black "Duclos, Alain"]
[Result "1-0"]
[WhiteElo "1434"]
[BlackElo "1760"]
[PlyCount "103"]
[EventDate "2008.03.14"]
[EventType "swiss"]
[EventRounds "5"]
[EventCountry "CAN"]
[SourceTitle "EXT 2011"]
[Source "ChessBase"]
[SourceDate "2010.11.26"]
[SourceVersion "1"]
[SourceVersionDate "2010.11.26"]
[SourceQuality "1"]

1. c4 Nf6 2. Nc3 g6 3. g3 Bg7 4. Bg2 0-0 5. Nf3 d6 6. 0-0 Nbd7 7. d4 e5 8. dxe5 dxe5 9. Bg5 h6 10. Bxf6 Bxf6 11. Qd2 Bg7 12. Rad1 Re8 13. Nh4 c6 14. Ne4 Bf8 15. Bh3 Qc7 16. Bxd7 Rd8 17. Nf6+ Kg7 18. Ne8+ Rxe8 19. Bxe8 Bh3 20. Bxf7 Qxf7 21. Qc3 Bxf1 22. Qxe5+ Kh7 23. Kxf1 Bg7 24. Qe4 Bxb2 25. Rd6 Bf6 26. Qd3 Re8 27. Rd7 Re7 28. Rxe7 Bxe7 29. Qd7 b5 30. cxb5 cxb5 31. Qxa7 Kg7 32. Nf3 Qe6 33. Nd4 Qe4 34. f3 Qb1+ 35. Kf2 Kf6 36. Qb6+ Kf7 37. Qa7 Qh1 38. Ke3 Qxh2 39. Nc6 Qg1+ 40. Kd2 Qxa7 41. Nxa7 b4 42. Nc6 Bd6 43. Ke3 Ke6 44. Ke4 Bxg3 45. Nxb4 h5 46. f4 h4 47. Kf3 Be1 48. Nd3 Ba5 49. Kg4 Bd8 50. e4 Kd6 51. Ne5 Ke6 52. Nxg6 1-0

[Event "Sherbrooke Hivernal op"]
[Site "Sherbrooke"]
[Date "2008.03.15"]
[Round "3"]
[White "Valiquette, Simon"]
[Black "Mitrovic, Igor"]
[Result "1/2-1/2"]
[WhiteElo "1434"]
[BlackElo "1495"]
[PlyCount "106"]
[EventDate "2008.03.14"]
[EventType "swiss"]
[EventRounds "5"]
[EventCountry "CAN"]
[SourceTitle "EXT 2011"]
[Source "ChessBase"]
[SourceDate "2010.11.26"]
[SourceVersion "1"]
[SourceVersionDate "2010.11.26"]
[SourceQuality "1"]

1. c4 e5 2. Nc3 Nf6 3. Nf3 Nc6 4. g3 Bc5 5. Bg2 0-0 6. 0-0 d6 7. a3 a6 8. b4 Ba7 9. Qc2 Nd4 10. Nxd4 Bxd4 11. e3 Ba7 12. Bb2 c6 13. f4 Be6 14. Ne4 Nxe4 15. Bxe4 f5 16. Bd3 e4 17. Qc3 Qf6 18. Qxf6 gxf6 19. Be2 Kf7 20. Kf2 Rh8 21. Bh5+ Ke7 22. Rac1 Bf7 23. Be2 h5 24. h4 Rhg8 25. Rg1 Rad8 26. Bd4 c5 27. bxc5 dxc5 28. Bc3 Rd7 29. Rb1 Rgd8 30. Rb2 b6 31. a4 a5 32. Rd1 Rd6 33. Rb3 Be8 34. Ra3 Bf7 35. Ke1 Rg8 36. Kf2 Rgd8 37. Ra2 Bb8 38. Rc2 Ba7 39. Bb2 Be8 40. Ra1 Rxd2 41. Rxd2 Rxd2 42. Ra2 Rd6 43. Bc3 Bf7 44. Rd2 Bb8 45. Ke1 Bc7 46. Bf1 Bd8 47. Bxf6+ Rxf6 48. Be2 Be8 49. Bd1 Ke6 50. Rxd8 Ke7 51. Rb8 Rd6 52. Rb7+ Kf6 53. Rh7 Bg6 1/2-1/2

[Event "Sherbrooke Hivernal op"]
[Site "Sherbrooke"]
[Date "2008.03.14"]
[Round "1"]
[White "Valiquette, Simon"]
[Black "Thomsen, Gunther"]
[Result "1-0"]
[WhiteElo "1434"]
[BlackElo "1100"]
[PlyCount "59"]
[EventDate "2008.03.14"]
[EventType "swiss"]
[EventRounds "5"]
[EventCountry "CAN"]
[SourceTitle "EXT 2011"]
[Source "ChessBase"]
[SourceDate "2010.11.26"]
[SourceVersion "1"]
[SourceVersionDate "2010.11.26"]
[SourceQuality "1"]

1. c4 h6 2. g3 e6 3. Bg2 c6 4. e4 a6 5. a4 Bb4 6. Nc3 d6 7. Nge2 Nd7 8. 0-0 Ngf6 9. d4 0-0 10. Na2 Ba5 11. b4 Bc7 12. c5 Re8 13. Nac3 Rb8 14. Nf4 dxc5 15. bxc5 b6 16. e5 Nh7 17. Bxc6 bxc5 18. dxc5 Nhf8 19. Nd3 Bb7 20. Bxb7 Rxb7 21. f4 Nxc5 22. Nxc5 Qxd1 23. Rxd1 Bb6 24. Be3 Bxc5 25. Bxc5 f6 26. exf6 gxf6 27. Ne4 Kf7 28. Nd6+ Ke7 29. Nxb7+ Kf7 30. Nd6+ 1-0

[Event "Sherbrooke op C"]
[Site "Sherbrooke"]
[Date "2007.05.27"]
[Round "5"]
[White "Valiquette, Simon"]
[Black "Sanders, Danny"]
[Result "1-0"]
[WhiteElo "1321"]
[BlackElo "1206"]
[PlyCount "113"]
[EventDate "2007.05.25"]
[EventType "swiss"]
[EventRounds "5"]
[EventCountry "CAN"]
[SourceTitle "EXT 2022"]
[Source "ChessBase"]
[SourceDate "2021.10.06"]
[SourceVersion "1"]
[SourceVersionDate "2021.10.06"]
[SourceQuality "1"]

1. c4 Nf6 2. g3 e5 3. Bg2 Bc5 4. Nc3 c6 5. Rb1 0-0 6. b4 Be7 7. Nf3 d5 8. Nxe5 dxc4 9. Nxc4 Qd4 10. Ne3 Be6 11. Bb2 Qxb4 12. Ne4 Qa5 13. Bxf6 Bxf6 14. Nxf6+ gxf6 15. Rxb7 Qxa2 16. 0-0 a5 17. f4 a4 18. Qc1 Bd5 19. Nxd5 cxd5 20. Qc3 Qc4 21. Qxf6 Qc6 22. Qg5+ Qg6 23. Bxd5 Ra6 24. Bxf7+ Rxf7 25. Rxb8+ Kg7 26. Qe5+ Qf6 27. Qxf6+ Rfxf6 28. Ra1 Ra7 29. Kf2 a3 30. e4 a2 31. Ke3 Kf7 32. e5 Rc6 33. Rb2 Rca6 34. Ke4 Ra4+ 35. Kf5 R4a5 36. d4 Ke7 37. d5 Rxd5 38. Rbxa2 Rad7 39. Ra7 Rd2 40. Rxd7+ Rxd7 41. Ra6 Ke8 42. e6 Rd5+ 43. Kf6 h5 44. Ra8+ Rd8 45. Rxd8+ Kxd8 46. e7+ Ke8 47. h4 Kd7 48. Kf7 Kc7 49. e8Q Kb6 50. Qc8 Kb5 51. Ke6 Kb4 52. Kd5 Kb3 53. Qc4+ Kb2 54. Kd4 Kb1 55. Kc3 Ka1 56. Qe2 Kb1 57. Qb2# 1-0